La conception catholique de l'enfer par M. l'abbé Louis Brémond docteur en théologie professeur de dogme au Grand Séminaire de Digne

Detalles Bibliográficos
Autor principal: Brémond, Louis, 1857-1940
Formato: Libro
Lenguaje:French
Publicado: Paris : librairie Bloud et Barral, s.a.
Edición:Deuxième édition
Serie editorial:Science et religion nouvelles etudes pour le temps présent
Materias:
Colección:Banco de datos
Acervo:Seminario Conciliar de Nuestra Señora de Guadalupe Querétaro. Qro.. Biblioteca Florencio Rosas. Fondo Histórico
Descripción Física:62 p. ; 17 cm.
Tema general:Religión y ciencia
Notas:Texto con signaturas y notas a pie de página
LEADER 00853nam a22002170004500
035 |a 739 
041 0 |a fre 
100 1 |a Brémond, Louis, 1857-1940 
245 1 0 |a La conception catholique de l'enfer par M. l'abbé Louis Brémond docteur en théologie professeur de dogme au Grand Séminaire de Digne 
250 |a Deuxième édition 
260 |a Paris : librairie Bloud et Barral, s.a. 
300 |a 62 p. ; 17 cm. 
440 0 |a Science et religion nouvelles etudes pour le temps présent 
500 |a Texto con signaturas y notas a pie de página 
501 |a 4 obras 
504 |a Incluye tabla de materias 
650 1 0 |a Religión y ciencia 
949 |a Fondo Histórico: 1091-D 
942 |c Q.R.H.T 
943 |g Seminario Conciliar de Nuestra Señora de Guadalupe Querétaro. Qro.. Biblioteca Florencio Rosas. Fondo Histórico 
999 |c 1082194  |d 1082194